000 00846nam a2200253 a 4500
001 000015101
005 20240412074242.0
008 100201s2004 dr 000 p spa d
020 _a9993442267
040 _aDO-SdBNP
_bspa
_cBNPHU
082 _aRD861.5
_bR457e
100 1 _aReyes, Pablo
_d1978-
_934188
245 1 0 _aEspuma de ángel :
_bpoemario /
_cPablo Reyes.
260 _aSanto Domingo :
_bDirección General de la Feria del Libro,
_c2004.
300 _a49 p. ;
_c22 cm.
490 1 _aFerilibro
_v10
500 _aIncluye datos biográficos del autor en la contracubierta
586 _aPremio de poesía joven Miguel Alfonseca 2003
590 _aInventariado, 2019 / DG
650 0 _aPoesía dominicana
_966
650 0 _aLiteratura dominicana.
_967
830 0 _aFerilibro
_v10
_9377
910 _aValidado. Control de calidad BNPHU
999 _c14673
_d14673